Supercomputing Frontiers (Record no. 31485)
[ view plain ]
| 000 -LEADER | |
|---|---|
| fixed length control field | 00627nam a2200121Ia 4500 |
| 008 - FIXED-LENGTH DATA ELEMENTS--GENERAL INFORMATION | |
| fixed length control field | 220620s9999||||xx |||||||||||||| ||und|| |
| 245 #0 - TITLE STATEMENT | |
| Title | Supercomputing Frontiers |
| Remainder of title | 5th Asian Conference, SCFA 2019, Singapore, March 11–14, 2019, Proceedings |
| 546 ## - LANGUAGE NOTE | |
| Language note | English[eng] |
| 650 ## - SUBJECT ADDED ENTRY--TOPICAL TERM | |
| Topical term or geographic name entry element | Computer science||Computer organization||User interfaces (Computer systems)||Optical data processing||Operating systems (Computers)||Microprogramming ||Input-output equipment (Computers) |
| 700 ## - ADDED ENTRY--PERSONAL NAME | |
| Personal name | Abramson, David||de Supinski, Bronis R. |
| 856 ## - ELECTRONIC LOCATION AND ACCESS | |
| Uniform Resource Identifier | <a href="https://library.oapen.org/bitstream/20.500.12657/23326/1/1006829.pdf">https://library.oapen.org/bitstream/20.500.12657/23326/1/1006829.pdf</a> |
| 942 ## - ADDED ENTRY ELEMENTS (KOHA) | |
| Koha item type | E-Books |
| Withdrawn status | Lost status | Damaged status | Not for loan | Home library | Current library | Date acquired | Total Checkouts | Date last seen | Price effective from | Koha item type |
|---|---|---|---|---|---|---|---|---|---|---|
| Kerala University of Digital Sciences, Innovation and Technology Knowledge Centre | Kerala University of Digital Sciences, Innovation and Technology Knowledge Centre | 20/06/2022 | 20/06/2022 | 20/06/2022 | E-Books |